00973nam a22002177a 45000010005000000030006000050050017000110080041000280200018000690400029000870500013001160820011001291000017001402450070001572500049002272600040002763000050003165200310003666500034006767000045007105684FISKH20250113123931.0250113b cb ||||| |||| 00| 0 eng d a9780756663742 aFISKHbengcFISKHdFISKH aE179.Y56 a973.02 aYing, Chris  a109 forgotten American heroes /cby Chris Ying and Brian McMullen aFirst published in the United States in 2009 aNew York :bDK Publishing ;c2009 . a175 pages : bcolor illustrations ;c28 cm .  aPhotographs, graphics, and text bring to life the contributions, inventions, wisdom, savvy, and courage of 109 American originals, including Frank Epperson, the inventor of the popsicle, cereal creator John Harvey Kellogg, and Shamu, the killer whale who began her stay at the San Diego Sea World in 1965. aAmerican historyvnon-fiction aRoychoudhuri, Onnesha eAssistant edior